[Event "2. Bundesliga Ost 2009/2010"]
[Site "17+18.10Zwettl14+15.11Poechlarn"]
[Date "2010.01.31"]
[Round "6"]
[Board "3"]
[White "Hangweyrer, Manfred"]
[Black "Pisk, Petr"]
[Result "1/2-1/2"]
[WhiteElo "2348"]
[BlackElo "2346"]
[PlyCount "188"]
[EventDate "2009.10.17"]
[EventType "team"]
[EventRounds "11"]
[EventCountry "AUT"]
[WhiteTeam "Austria Wien"]
[BlackTeam "SK Zwettl"]

1.c4 e5 2.g3 c5 3.Bg2 Nc6 4.Nc3 g6 5.Nf3 Bg7 6.O-O Nge7 7.a3 a5 8.d3 O-O 9.Ne1
d6 10.Nc2 Be6 11.Ne3 Rb8 12.Ned5 h6 13.Rb1 Kh7 14.Bd2 f5 15.b4 axb4 16.axb4 Nxb4
17.Nxb4 cxb4 18.Rxb4 d5 19.cxd5 Nxd5 20.Rb5 Nxc3 21.Bxc3 Bd7 22.Rxe5 Rc8 23.Qb3
Bxe5 24.Bxe5 Qe7 25.Qxb7 Qxe5 26.Qxd7+ Kh8 27.e3 g5 28.d4 Qg7 29.Qxg7+ Kxg7
30.d5 f4 31.Bh3 Rce8 32.exf4 gxf4 33.d6 Re2 34.Rd1 fxg3 35.hxg3 Rexf2 36.d7 R2f3
37.d8=Q Rxg3+ 38.Bg2 Rxd8 39.Rxd8 h5 40.Kf2 Rg5 41.Be4 h4 42.Rd7+ Kf6 43.Rh7 Ke5
44.Bf3 h3 45.Rxh3 Kd4 46.Rh4+ Kd3 47.Rh8 Re5 48.Rd8+ Kc3 49.Kg3 Re3 50.Kf4 Rd3
51.Rc8+ Kd4 52.Be4 Rd2 53.Rc7 Rf2+ 54.Bf3 Rd2 55.Rc8 Rd3 56.Be2 Rd2 57.Re8 Ra2
58.Rd8+ Kc5 59.Bd3 Rh2 60.Ke5 Rh5+ 61.Bf5 Rh6 62.Rd5+ Kc4 63.Rd1 Kc3 64.Rc1+ Kd2
65.Rc2+ Ke3 66.Ra2 Rb6 67.Ra3+ Kd2 68.Be6 Rb4 69.Bd5 Kc2 70.Rh3 Kb2 71.Kd6 Rb5
72.Kc6 Ra5 73.Bc4 Rf5 74.Bd5 Rf4 75.Kc5 Rf5 76.Kc4 Rf4+ 77.Kd3 Rf2 78.Rh6 Rc2
79.Rb6+ Ka1 80.Bb3 Rc1 81.Bc2 Rg1 82.Kc3 Rg3+ 83.Bd3 Rg2 84.Rb1+ Ka2 85.Rh1 Ka3
86.Ra1+ Ra2 87.Rb1 Rh2 88.Rg1 Rf2 89.Be4 Rh2 90.Rf1 Ka4 91.Kc4 Ka5 92.Kc5 Rh5+
93.Bd5 Rh4 94.Rg1 Rf4

[Event "2. Bundesliga Ost 2009/2010"]
[Site "17+18.10Zwettl14+15.11Poechlarn"]
[Date "2010.01.31"]
[Round "6"]
[Board "4"]
[White "Vyskocil, Neklan"]
[Black "Nagy, Bence"]
[Result "1-0"]
[WhiteElo "2355"]
[BlackElo "2305"]
[PlyCount "91"]
[EventDate "2009.10.17"]
[EventType "team"]
[EventRounds "11"]
[EventCountry "AUT"]
[WhiteTeam "SK Zwettl"]
[BlackTeam "Austria Wien"]

1.d4 Nf6 2.Bg5 d5 3.Bxf6 gxf6 4.Nc3 f5 5.e3 e6 6.Nf3 Bd6 7.Nb5 Be7 8.c4 c6 9.Nc3
Nd7 10.Rc1 a6 11.cxd5 cxd5 12.a4 Bd6 13.g3 Nf6 14.Bg2 Ne4 15.O-O Bd7 16.Nxe4
fxe4 17.Ne5 Bxe5 18.dxe5 O-O 19.f3 Qg5 20.Qd4 Bc6 21.b3 Rad8 22.f4 Qf5 23.Rfd1
h5 24.Bf1 Kh7 25.Qb2 Rg8 26.Qg2 f6 27.exf6 Qxf6 28.Bxa6 e5 29.fxe5 Qh6 30.Bb5 h4
31.Rc3 Rg6 32.Bxc6 bxc6 33.Rf1 Rdg8 34.Rf4 d4 35.Rc1 Rxg3 36.hxg3 Rxg3 37.Rc2 d3
38.Rcf2 Qg5 39.Rf7+ Kg8 40.Rf8+ Kg7 41.R2f7+ Kh6 42.Rh8+ Kg6 43.Rg8+ Kxf7
44.Rxg5 d2 45.Rf5+ Ke6 46.Rf1

[Event "2. Bundesliga Ost 2009/2010"]
[Site "17+18.10Zwettl14+15.11Poechlarn"]
[Date "2010.01.31"]
[Round "6"]
[Board "6"]
[White "Stadler, Peter"]
[Black "Liedl, Wolfgang"]
[Result "1/2-1/2"]
[WhiteElo "2169"]
[BlackElo "2211"]
[PlyCount "38"]
[EventDate "2009.10.17"]
[EventType "team"]
[EventRounds "11"]
[EventCountry "AUT"]
[WhiteTeam "SK Zwettl"]
[BlackTeam "Austria Wien"]

1.d4 f5 2.g3 Nf6 3.Bg2 g6 4.Nf3 Bg7 5.O-O O-O 6.c4 d6 7.Nc3 c6 8.d5 e5 9.dxe6
Bxe6 10.Qd3 Re8 11.Ng5 Nbd7 12.Nxe6 Rxe6 13.b3 Nc5 14.Qc2 Nfe4 15.Nxe4 Nxe4
16.Bb2 Bxb2 17.Qxb2 Qe7 18.Rad1 a6 19.e3 Rd8

[Event "2. Bundesliga Ost 2009/2010"]
[Site "17+18.10Zwettl14+15.11Poechlarn"]
[Date "2010.01.31"]
[Round "6"]
[Board "1"]
[White "Denk, Adolf"]
[Black "Videki, Sandor"]
[Result "1-0"]
[WhiteElo "2257"]
[BlackElo "2450"]
[PlyCount "81"]
[EventDate "2009.10.17"]
[EventType "team"]
[EventRounds "11"]
[EventCountry "AUT"]
[WhiteTeam "SK St. Poelten"]
[BlackTeam "Spg Data Technology Eichgraben/P."]

1.c4 e5 2.Nc3 Bb4 3.g3 Bxc3 4.bxc3 d6 5.Bg2 Ne7 6.Nf3 Nbc6 7.O-O O-O 8.d3 b6
9.Rb1 f6 10.Ne1 Bb7 11.Nc2 Na5 12.e4 f5 13.f3 Qe8 14.Ne3 Rd8 15.Rb2 c6 16.Re2 f4
17.gxf4 exf4 18.Nf5 Nxf5 19.exf5 Qf7 20.Bh3 Bc8 21.Bxf4 Bxf5 22.Bxf5 Qxf5 23.Bg3
d5 24.Re5 Qf7 25.cxd5 Rxd5 26.Qe2 Rxe5 27.Bxe5 c5 28.f4 Nc6 29.Rf2 Nxe5 30.fxe5
Qxf2+ 31.Qxf2 Rxf2 32.Kxf2 b5 33.Ke3 Kf7 34.d4 c4 35.d5 g5 36.Kd4 g4 37.Kc5 Ke7
38.Kc6 b4 39.d6+ Kd8 40.e6 bxc3 41.d7

[Event "2. Bundesliga Ost 2009/2010"]
[Site "17+18.10Zwettl14+15.11Poechlarn"]
[Date "2010.01.31"]
[Round "6"]
[Board "2"]
[White "Ganaus, Hannes"]
[Black "Sadilek, Maximilian"]
[Result "1-0"]
[WhiteElo "2281"]
[BlackElo "2207"]
[PlyCount "115"]
[EventDate "2009.10.17"]
[EventType "team"]
[EventRounds "11"]
[EventCountry "AUT"]
[WhiteTeam "Spg Data Technology Eichgraben/P."]
[BlackTeam "SK St. Poelten"]

1.d4 g6 2.c4 Bg7 3.Nc3 c5 4.d5 d6 5.e4 e6 6.Nf3 Ne7 7.Bd3 O-O 8.Bg5 h6 9.Bd2
exd5 10.cxd5 Na6 11.a3 Re8 12.O-O g5 13.Qc2 Ng6 14.Ne2 Bg4 15.Ng3 Bxf3 16.gxf3
Nh4 17.Be2 Qd7 18.Kh1 f5 19.Rg1 Qf7 20.f4 g4 21.Rad1 h5 22.Be3 Re7 23.e5 dxe5
24.d6 Re6 25.Bc4 b5 26.Bxe6 Qxe6 27.Qd3 Nf3 28.Nxf5 Nxg1 29.Kxg1 Rd8 30.Nxg7
Kxg7 31.f5 Qd7 32.Bg5 Rf8 33.f6+ Kf7 34.Qh7+ Ke6 35.Qxh5 Kf5 36.h3 Ke4 37.Qxg4+
Qxg4+ 38.hxg4 Nb8 39.d7 Nc6 40.f7 Rxf7 41.d8=Q Nxd8 42.Bxd8 b4 43.axb4 cxb4
44.Kg2 Kf4 45.f3 Ke3 46.Bg5+ Ke2 47.Rd2+ Ke1 48.Rd5 e4 49.Re5 b3 50.Rxe4+ Kd1
51.Be7 Kc1 52.Ba3 Rc7 53.g5 a5 54.g6 Rg7 55.Re6 a4 56.f4 Kb1 57.f5 Ka2 58.Re4

[Event "2. Bundesliga Ost 2009/2010"]
[Site "17+18.10Zwettl14+15.11Poechlarn"]
[Date "2010.01.31"]
[Round "6"]
[Board "3"]
[White "Steiner, Bruno"]
[Black "Neumeier, Klaus"]
[Result "0-1"]
[WhiteElo "2184"]
[BlackElo "2391"]
[PlyCount "60"]
[EventDate "2009.10.17"]
[EventType "team"]
[EventRounds "11"]
[EventCountry "AUT"]
[WhiteTeam "SK St. Poelten"]
[BlackTeam "Spg Data Technology Eichgraben/P."]

1.d4 d5 2.Bf4 Nf6 3.e3 c5 4.dxc5 Nc6 5.Bb5 e6 6.b4 Bd7 7.a3 a5 8.Nc3 axb4 9.Bxc6
Bxc6 10.axb4 Rxa1 11.Qxa1 d4 12.exd4 Bxg2 13.d5 exd5 14.Nb5 Be7 15.Nd6+ Kf8
16.Nxb7 Qc8 17.Nd6 Bxd6 18.Bxd6+ Kg8 19.f3 h6 20.Kf2 Bxh1 21.Ne2 Bxf3 22.Kxf3
Qg4+ 23.Kf2 Ne4+ 24.Ke3 Nxd6 25.cxd6 Qe6+ 26.Kd3 Qxd6 27.Qd4 Kh7 28.Nf4 Rd8
29.Kd2 g5 30.Qd3+ Kg8

[Event "2. Bundesliga Ost 2009/2010"]
[Site "17+18.10Zwettl14+15.11Poechlarn"]
[Date "2010.01.31"]
[Round "6"]
[Board "4"]
[White "Weissenbeck, Manuel"]
[Black "Juenger, Heinz"]
[Result "1/2-1/2"]
[WhiteElo "2252"]
[BlackElo "2086"]
[PlyCount "49"]
[EventDate "2009.10.17"]
[EventType "team"]
[EventRounds "11"]
[EventCountry "AUT"]
[WhiteTeam "Spg Data Technology Eichgraben/P."]
[BlackTeam "SK St. Poelten"]

1.d4 d5 2.c4 c6 3.Nf3 Nf6 4.Nc3 e6 5.Bg5 dxc4 6.e4 b5 7.e5 h6 8.Bh4 g5 9.Nxg5
hxg5 10.Bxg5 Nbd7 11.exf6 Bb7 12.g3 c5 13.d5 Qb6 14.Bg2 O-O-O 15.O-O b4 16.Na4
Qb5 17.b3 c3 18.Re1 Nb6 19.Nxb6+ Qxb6 20.Re5 Bd6 21.Re3 Bb8 22.Rd3 Ba6 23.Re3
Bb7 24.Rd3 Ba6 25.Re3

[Event "2. Bundesliga Ost 2009/2010"]
[Site "17+18.10Zwettl14+15.11Poechlarn"]
[Date "2010.01.31"]
[Round "6"]
[Board "5"]
[White "Sekyra, Michael"]
[Black "Hechl, Gerald"]
[Result "0-1"]
[WhiteElo "2155"]
[BlackElo "2244"]
[PlyCount "60"]
[EventDate "2009.10.17"]
[EventType "team"]
[EventRounds "11"]
[EventCountry "AUT"]
[WhiteTeam "SK St. Poelten"]
[BlackTeam "Spg Data Technology Eichgraben/P."]

1.e4 c5 2.Ne2 Nc6 3.c4 e5 4.g3 g6 5.Bg2 Bg7 6.O-O Nf6 7.Nbc3 O-O 8.d3 Ne8 9.Nd5
d6 10.Nec3 a6 11.Be3 Rb8 12.Qd2 Nd4 13.Bh6 Bh3 14.Bxg7 Kxg7 15.f4 Bxg2 16.Kxg2
exf4 17.Rxf4 f5 18.Raf1 b5 19.exf5 Rxf5 20.Rxf5 Nxf5 21.Ne4 Nc7 22.Nxc7 Qxc7
23.g4 Nd4 24.Qf4 bxc4 25.Nxd6 Rxb2+ 26.Kh3 Qe7 27.Nc8 Ne2 28.Qf3 Qd8 29.Qf7+ Kh6
30.g5+ Kxg5

[Event "2. Bundesliga Ost 2009/2010"]
[Site "17+18.10Zwettl14+15.11Poechlarn"]
[Date "2010.01.31"]
[Round "6"]
[Board "6"]
[White "Pichler, Michael"]
[Black "Kammerer, Roman"]
[Result "1-0"]
[WhiteElo "2154"]
[BlackElo "2099"]
[PlyCount "117"]
[EventDate "2009.10.17"]
[EventType "team"]
[EventRounds "11"]
[EventCountry "AUT"]
[WhiteTeam "Spg Data Technology Eichgraben/P."]
[BlackTeam "SK St. Poelten"]

1.e4 e5 2.Nf3 Nc6 3.Bb5 f5 4.Bxc6 dxc6 5.Qe2 fxe4 6.Qxe4 Nf6 7.Qxe5+ Qe7 8.d3
Qxe5+ 9.Nxe5 Bd6 10.Nc4 O-O 11.O-O Bf5 12.Nc3 Rae8 13.Nxd6 cxd6 14.Bf4 Re6
15.Rfe1 Rfe8 16.Kf1 d5 17.Rxe6 Rxe6 18.Bg5 Nd7 19.Ne2 h6 20.Nd4 hxg5 21.Nxf5 Kf7
22.Re1 Rxe1+ 23.Kxe1 Kf6 24.Ne3 Ne5 25.d4 Nf7 26.Ke2 Ke6 27.Kd3 Nd6 28.f3 Nc8
29.a4 b6 30.b3 Ne7 31.c4 Ng6 32.g3 Ne7 33.cxd5+ cxd5 34.b4 a6 35.Ng4 Nc6 36.Kc3
b5 37.a5 Kd6 38.Nf2 Ke6 39.Nd3 Kf5 40.g4+ Kf6 41.Nc5 Nb8 42.Kd3 Ke7 43.Ke3 Kd6
44.h3 g6 45.f4 gxf4+ 46.Kxf4 Nc6 47.Nxa6 Nxd4 48.h4 Ne6+ 49.Ke3 d4+ 50.Ke4 Kc6
51.Nc5 Nc7 52.Kxd4 Nd5 53.Nd3 Kd6 54.h5 gxh5 55.gxh5 Ne7 56.Ke4 Ke6 57.a6 Nc8
58.h6 Kf6 59.Kd5

[Event "2. Bundesliga Ost 2009/2010"]
[Site "17+18.10Zwettl14+15.11Poechlarn"]
[Date "2010.01.31"]
[Round "6"]
[Board "1"]
[White "Froschauer, Hans"]
[Black "Michalik, Peter"]
[Result "0-1"]
[WhiteElo "2126"]
[BlackElo "2439"]
[PlyCount "84"]
[EventDate "2009.10.17"]
[EventType "team"]
[EventRounds "11"]
[EventCountry "AUT"]
[WhiteTeam "ASVOE Pamhagen"]
[BlackTeam "1. Wr. Neustaedter SV"]

1.e4 d5 2.exd5 Qxd5 3.Nc3 Qd6 4.d4 Nf6 5.Be2 a6 6.Be3 g6 7.Qd2 Bg7 8.Bf4 Qd8
9.O-O-O O-O 10.Bh6 Nc6 11.Bxg7 Kxg7 12.h4 h5 13.d5 Ne5 14.Nh3 Bxh3 15.Rxh3 Qd6
16.f4 Neg4 17.Bxg4 hxg4 18.Rd3 Rh8 19.g3 Rh5 20.Qe3 Re8 21.Ne4 Nxe4 22.Qxe4 e6
23.Qe2 Re7 24.Qxg4 exd5 25.Qf3 c6 26.Rh1 Rh8 27.h5 Qe6 28.hxg6 Rxh1+ 29.Qxh1
fxg6 30.Qg1 Kf7 31.Kd2 Qe2+ 32.Kc3 Qe6 33.a3 Re8 34.Qb6 Re7 35.b4 Qf6+ 36.Kb3
Qa1 37.Qc5 Re4 38.g4 b5 39.Qa7+ Ke6 40.f5+ gxf5 41.gxf5+ Kf6 42.Rd2 Rc4

[Event "2. Bundesliga Ost 2009/2010"]
[Site "17+18.10Zwettl14+15.11Poechlarn"]
[Date "2010.01.31"]
[Round "6"]
[Board "2"]
[White "Schroll, Gerhard"]
[Black "Galavics, Hermann"]
[Result "1-0"]
[WhiteElo "2411"]
[BlackElo "2041"]
[PlyCount "127"]
[EventDate "2009.10.17"]
[EventType "team"]
[EventRounds "11"]
[EventCountry "AUT"]
[WhiteTeam "1. Wr. Neustaedter SV"]
[BlackTeam "ASVOE Pamhagen"]

1.d4 d5 2.c4 c6 3.Nf3 Nf6 4.Nc3 e6 5.e3 Nbd7 6.Qc2 Bd6 7.b3 O-O 8.Be2 Re8 9.O-O
e5 10.cxd5 cxd5 11.Nb5 Bb8 12.dxe5 Nxe5 13.Nxe5 Bxe5 14.Bb2 Bxb2 15.Qxb2 a6
16.Nd4 Bg4 17.Bd3 Qd7 18.Rfc1 Rac8 19.b4 Rxc1+ 20.Rxc1 Rc8 21.a3 h6 22.Nb3 Rxc1+
23.Qxc1 Qc8 24.Qxc8+ Bxc8 25.Nc5 Kf8 26.f3 Ke7 27.Kf2 Kd6 28.Ke2 a5 29.Kd2 axb4
30.axb4 Ne8 31.Kc3 Nc7 32.f4 Ne6 33.Bf5 b6 34.Na4 Kc6 35.g3 Bd7 36.Bh3 Kb5
37.Nb2 f6 38.Bg4 Kc6 39.Nd3 Kd6 40.Nc1 Nc7 41.Bf3 Nb5+ 42.Kd2 Na7 43.Nb3 Nc6
44.Kc3 Ne7 45.Be2 Nf5 46.Kd2 Ba4 47.Bd1 Bd7 48.Bc2 Ne7 49.Nd4 Kc7 50.Kc3 Kd6
51.Bd3 Kc7 52.Bb5 Bxb5 53.Nxb5+ Kc6 54.Nd4+ Kd6 55.g4 g5 56.h3 Kd7 57.Kd3 Kd6
58.Ne2 Nc6 59.Kc3 Ne7 60.Ng3 Ke6 61.b5 gxf4 62.exf4 f5 63.Kd4 Kf6 64.Nxf5

[Event "2. Bundesliga Ost 2009/2010"]
[Site "17+18.10Zwettl14+15.11Poechlarn"]
[Date "2010.01.31"]
[Round "6"]
[Board "4"]
[White "Todor, Razvan"]
[Black "Horvath, Maria"]
[Result "1-0"]
[WhiteElo "2201"]
[BlackElo "2001"]
[PlyCount "67"]
[EventDate "2009.10.17"]
[EventType "team"]
[EventRounds "11"]
[EventCountry "AUT"]
[WhiteTeam "1. Wr. Neustaedter SV"]
[BlackTeam "ASVOE Pamhagen"]

1.g3 d5 2.Bg2 e5 3.c4 d4 4.d3 c5 5.Nf3 Nc6 6.O-O f6 7.e3 Be6 8.exd4 cxd4 9.Re1
Qd7 10.a3 a5 11.Qa4 Ra6 12.Nbd2 Nge7 13.Ne4 Nc8 14.Rb1 Be7 15.Qc2 O-O 16.Bd2 a4
17.Bc1 Na5 18.Ned2 b5 19.cxb5 Qxb5 20.Ne4 Bb3 21.Qe2 Rc6 22.Nh4 Bc2 23.Qg4 f5
24.Nxf5 Rxf5 25.Qxf5 Bxb1 26.Ng5 Bxg5 27.Bxc6 Qxc6 28.Bxg5 Bxd3 29.Qxd3 Nc4
30.b3 axb3 31.Qxb3 Qd5 32.Rc1 N8b6 33.a4 h6 34.Be7

[Event "2. Bundesliga Ost 2009/2010"]
[Site "17+18.10Zwettl14+15.11Poechlarn"]
[Date "2010.01.31"]
[Round "6"]
[Board "5"]
[White "Rusek, Walter"]
[Black "Steiner, Adam"]
[Result "0-1"]
[WhiteElo "1849"]
[BlackElo "2188"]
[PlyCount "38"]
[EventDate "2009.10.17"]
[EventType "team"]
[EventRounds "11"]
[EventCountry "AUT"]
[WhiteTeam "ASVOE Pamhagen"]
[BlackTeam "1. Wr. Neustaedter SV"]

1.d4 c5 2.d5 Nf6 3.c4 e6 4.Nc3 exd5 5.Nxd5 Nxd5 6.Qxd5 Be7 7.Nf3 Nc6 8.Ne5 O-O
9.Nxc6 bxc6 10.Qd2 d5 11.g3 Ba6 12.b3 dxc4 13.Qxd8 Rfxd8 14.Bb2 cxb3 15.axb3 c4
16.Bg2 Bb4+ 17.Kf1 c3 18.Ba3 Bxa3 19.Rxa3 Rd1#

[Event "2. Bundesliga Ost 2009/2010"]
[Site "17+18.10Zwettl14+15.11Poechlarn"]
[Date "2010.01.31"]
[Round "6"]
[Board "2"]
[White "Pinter, Erik"]
[Black "Lendwai, Reinhard"]
[Result "1/2-1/2"]
[WhiteElo "2416"]
[BlackElo "2424"]
[PlyCount "71"]
[EventDate "2009.10.17"]
[EventType "team"]
[EventRounds "11"]
[EventCountry "AUT"]
[WhiteTeam "Blackburne Nickelsdorf"]
[BlackTeam "SK Advisory Invest Baden"]

1.e4 c6 2.d4 d5 3.e5 Bf5 4.Nf3 e6 5.Be2 h6 6.O-O Ne7 7.b3 c5 8.c4 dxc4 9.bxc4
Nbc6 10.Qb3 cxd4 11.Rd1 Qc7 12.Na3 a6 13.Bb2 Be4 14.Nxd4 Nxd4 15.Rxd4 Bc6 16.Nc2
Nf5 17.Rd2 Bc5 18.Nb4 O-O 19.Nxc6 bxc6 20.Rad1 Rfd8 21.Bf3 Rxd2 22.Rxd2 Rd8
23.Qd1 Rxd2 24.Qxd2 Qb6 25.g3 Bd4 26.Bxd4 Nxd4 27.Qe3 c5 28.Be4 Qb2 29.a3 Kf8
30.Kg2 Ke7 31.Qd3 Qb8 32.f4 Qb2+ 33.Kh3 h5 34.Qb1 Qxb1 35.Bxb1 g6 36.Be4

[Event "2. Bundesliga Ost 2009/2010"]
[Site "17+18.10Zwettl14+15.11Poechlarn"]
[Date "2010.01.31"]
[Round "6"]
[Board "3"]
[White "Bawart, Markus"]
[Black "Vlcek, Stanislav"]
[Result "1-0"]
[WhiteElo "2399"]
[BlackElo "2286"]
[PlyCount "45"]
[EventDate "2009.10.17"]
[EventType "team"]
[EventRounds "11"]
[EventCountry "AUT"]
[WhiteTeam "SK Advisory Invest Baden"]
[BlackTeam "Blackburne Nickelsdorf"]

1.c4 c5 2.Nf3 b6 3.e3 Nf6 4.d4 e6 5.Bd3 Bb7 6.O-O Be7 7.Nc3 O-O 8.d5 exd5 9.cxd5
d6 10.e4 Ba6 11.Bxa6 Nxa6 12.Re1 Nd7 13.Bf4 Nc7 14.Qa4 a6 15.Qc6 Nb5 16.Nxb5 Rc8
17.Na7 Rxc6 18.Nxc6 Qe8 19.e5 dxe5 20.Bxe5 f6 21.Bg3 Ne5 22.Nfxe5 fxe5 23.Rxe5

[Event "2. Bundesliga Ost 2009/2010"]
[Site "17+18.10Zwettl14+15.11Poechlarn"]
[Date "2010.01.31"]
[Round "6"]
[Board "4"]
[White "Koffler, Daniel"]
[Black "Sulyok, Michael"]
[Result "1-0"]
[WhiteElo "2236"]
[BlackElo "2240"]
[PlyCount "63"]
[EventDate "2009.10.17"]
[EventType "team"]
[EventRounds "11"]
[EventCountry "AUT"]
[WhiteTeam "Blackburne Nickelsdorf"]
[BlackTeam "SK Advisory Invest Baden"]

1.d4 f5 2.g3 Nf6 3.Bg2 g6 4.c4 Bg7 5.Nc3 O-O 6.Nf3 d6 7.O-O Qe8 8.d5 a5 9.Rb1
Na6 10.b3 Bd7 11.Bb2 c6 12.Nd4 Nc5 13.a3 Rc8 14.b4 axb4 15.axb4 Nce4 16.Nxe4
Nxe4 17.Qd3 Nf6 18.Rfc1 Qf7 19.dxc6 bxc6 20.b5 cxb5 21.cxb5 f4 22.gxf4 Nh5
23.Rxc8 Bxc8 24.e3 e5 25.Qb3 Qxb3 26.Nxb3 Be6 27.Na5 exf4 28.Bxg7 Kxg7 29.b6 Bf5
30.Rb2 Rc8 31.Nc6 Ra8 32.Na7

[Event "2. Bundesliga Ost 2009/2010"]
[Site "17+18.10Zwettl14+15.11Poechlarn"]
[Date "2010.01.31"]
[Round "6"]
[Board "5"]
[White "Zechner, Andrea"]
[Black "Steinert, Martin"]
[Result "1-0"]
[WhiteElo "1987"]
[BlackElo "2127"]
[PlyCount "95"]
[EventDate "2009.10.17"]
[EventType "team"]
[EventRounds "11"]
[EventCountry "AUT"]
[WhiteTeam "SK Advisory Invest Baden"]
[BlackTeam "Blackburne Nickelsdorf"]

1.d4 Nf6 2.c4 g6 3.Nc3 Bg7 4.e4 d6 5.Nf3 O-O 6.Be2 e5 7.d5 a5 8.Bg5 Na6 9.Nd2
Nc5 10.b3 h6 11.Bh4 Bd7 12.a3 Qe8 13.b4 Na6 14.Qb1 axb4 15.axb4 Nh7 16.f3 Bf6
17.Bf2 Bg5 18.c5 Bxd2+ 19.Kxd2 Qe7 20.Bxa6 Rxa6 21.Rxa6 bxa6 22.c6 Bc8 23.Be3
Kg7 24.b5 axb5 25.Qxb5 f5 26.Ra1 Nf6 27.Ra7 fxe4 28.Nxe4 Ne8 29.Qa5 Rf7 30.Nc3
Qh4 31.Nb5 Qxh2 32.Nxc7 Qxg2+ 33.Kc3 Rxf3 34.Nxe8+ Kh8 35.Rh7+ Kg8 36.Rg7+ Kf8
37.Qa7 Rxe3+ 38.Qxe3 Qxd5 39.Qb6 Qf3+ 40.Kb4 Be6 41.Qc7 Qb3+ 42.Ka5 Qa3+ 43.Kb6
Qb4+ 44.Ka7 d5 45.Nd6 Qc5+ 46.Kb8 Qb4+ 47.Nb7 e4 48.Rh7

[Event "2. Bundesliga Ost 2009/2010"]
[Site "17+18.10Zwettl14+15.11Poechlarn"]
[Date "2010.02.20"]
[Round "7"]
[Board "2"]
[White "Kleiser, Gregor"]
[Black "Vlcek, Stanislav"]
[Result "0-1"]
[WhiteElo "2313"]
[BlackElo "2286"]
[PlyCount "50"]
[EventDate "2009.10.17"]
[EventType "team"]
[EventRounds "11"]
[EventCountry "AUT"]
[WhiteTeam "SV Tschaturanga Neubau"]
[BlackTeam "Blackburne Nickelsdorf"]

1.d4 Nf6 2.c4 g6 3.Nc3 Bg7 4.e4 d6 5.f4 c5 6.d5 e6 7.Nf3 O-O 8.e5 Ne8 9.Be2 exd5
10.cxd5 Bg4 11.O-O Bxf3 12.Rxf3 dxe5 13.f5 Nd6 14.Bd3 Nd7 15.Qe2 e4 16.Nxe4 Nxf5
17.Rh3 Re8 18.Bg5 Rxe4 19.Qd2 Qe8 20.Bxe4 Qxe4 21.Re1 Bd4+ 22.Kh1 Qxd5 23.Rf3
Ne5 24.Rf4 Nc4 25.Qd1 Nfe3

[Event "2. Bundesliga Ost 2009/2010"]
[Site "17+18.10Zwettl14+15.11Poechlarn"]
[Date "2010.02.20"]
[Round "7"]
[Board "3"]
[White "Koffler, Daniel"]
[Black "Ernst, Michael"]
[Result "0-1"]
[WhiteElo "2236"]
[BlackElo "2166"]
[PlyCount "84"]
[EventDate "2009.10.17"]
[EventType "team"]
[EventRounds "11"]
[EventCountry "AUT"]
[WhiteTeam "Blackburne Nickelsdorf"]
[BlackTeam "SV Tschaturanga Neubau"]

1.d4 Nf6 2.c4 e6 3.Nc3 Bb4 4.e3 b6 5.Bd3 Bb7 6.Nf3 Ne4 7.O-O Bxc3 8.bxc3 O-O
9.Nd2 f5 10.f3 Nxd2 11.Qxd2 d6 12.Bb2 c5 13.e4 fxe4 14.fxe4 e5 15.Rxf8+ Qxf8
16.Rf1 Qe7 17.Rf5 Nc6 18.Qf2 Re8 19.d5 Na5 20.Bc1 Ba6 21.Bg5 Qd7 22.Be2 Nxc4
23.Bg4 Bc8 24.Qf1 Qa4 25.Bd1 Qxa2 26.Rf2 Qa1 27.Be7 h6 28.Rf7 Bf5 29.Rxf5 Ne3
30.Rf8+ Kh7 31.Qf3 Rxe7 32.Qxe3 Qxd1+ 33.Kf2 Qh5 34.Qf3 Qxf3+ 35.Kxf3 Rb7 36.Rd8
b5 37.Rxd6 b4 38.cxb4 cxb4 39.Ra6 b3 40.Ra1 Kg6 41.Ke3 a5 42.Kd3 a4

[Event "2. Bundesliga Ost 2009/2010"]
[Site "17+18.10Zwettl14+15.11Poechlarn"]
[Date "2010.02.20"]
[Round "7"]
[Board "4"]
[White "Albadri, Abd Al Sattar"]
[Black "Bachofner, Andreas"]
[Result "1-0"]
[WhiteElo "2199"]
[BlackElo "2229"]
[PlyCount "95"]
[EventDate "2009.10.17"]
[EventType "team"]
[EventRounds "11"]
[EventCountry "AUT"]
[WhiteTeam "SV Tschaturanga Neubau"]
[BlackTeam "Blackburne Nickelsdorf"]

1.d4 e6 2.e4 d5 3.e5 c5 4.c3 Nc6 5.Nf3 Nge7 6.Na3 cxd4 7.cxd4 Nf5 8.Nc2 Qb6 9.g4
Nh6 10.h3 Bd7 11.Bd3 Nb4 12.Nxb4 Bxb4+ 13.Kf1 Bb5 14.a3 Be7 15.Kg2 Bxd3 16.Qxd3
Rc8 17.Be3 Rc6 18.b4 a6 19.Rhb1 O-O 20.Qd2 Rfc8 21.Bxh6 gxh6 22.Qxh6 Rc3 23.Qf4
Qc6 24.g5 Qc4 25.Re1 Rc2 26.Nh2 Qd3 27.Ng4 Qg6 28.Nh6+ Kg7 29.h4 R8c4 30.Re3
R4c3 31.Rae1 Bd8 32.Rf3 Rxf3 33.Kxf3 Rc7 34.Kg4 Qd3 35.Re3 Qd1+ 36.Rf3 Qg1+
37.Kh5 Qd1 38.Nxf7 Qxf3+ 39.Qxf3 Rxf7 40.Qe3 Rc7 41.f4 Rf7 42.Kg4 Bb6 43.Qd3 Rc7
44.f5 Bxd4 45.fxe6 Bxe5 46.Qxd5 Bh2 47.Kh3 Rc2 48.Qd7+

[Event "2. Bundesliga Ost 2009/2010"]
[Site "17+18.10Zwettl14+15.11Poechlarn"]
[Date "2010.02.20"]
[Round "7"]
[Board "5"]
[White "Steinert, Martin"]
[Black "Ponjican, Erich"]
[Result "0-1"]
[WhiteElo "2127"]
[BlackElo "2170"]
[PlyCount "56"]
[EventDate "2009.10.17"]
[EventType "team"]
[EventRounds "11"]
[EventCountry "AUT"]
[WhiteTeam "Blackburne Nickelsdorf"]
[BlackTeam "SV Tschaturanga Neubau"]

1.e4 Nf6 2.d3 d5 3.Nd2 c5 4.g3 Nc6 5.Bg2 e5 6.Ne2 dxe4 7.dxe4 Bg4 8.f3 Be6 9.O-O
c4 10.h4 Bc5+ 11.Kh2 h6 12.Nb1 Qe7 13.Bh3 g5 14.Nbc3 Rd8 15.Nd5 Nxd5 16.exd5
gxh4 17.Qe1 hxg3+ 18.Nxg3 Bxh3 19.Kxh3 Rxd5 20.c3 Qe6+ 21.Kh2 f5 22.Nh5 Rg8
23.Nf4 Qf7 24.Nh3 Qg7 25.Qe2 Rd6 26.Bf4 Rg6 27.Qxc4 Rg2+ 28.Kh1 Rh2+

[Event "2. Bundesliga Ost 2009/2010"]
[Site "17+18.10Zwettl14+15.11Poechlarn"]
[Date "2010.02.20"]
[Round "7"]
[Board "6"]
[White "Petschar, Hans"]
[Black "Bachofner, Christian"]
[Result "1-0"]
[WhiteElo "2086"]
[BlackElo "2072"]
[PlyCount "101"]
[EventDate "2009.10.17"]
[EventType "team"]
[EventRounds "11"]
[EventCountry "AUT"]
[WhiteTeam "SV Tschaturanga Neubau"]
[BlackTeam "Blackburne Nickelsdorf"]

1.c4 Nf6 2.Nc3 c6 3.Nf3 d5 4.e3 e6 5.Qc2 Nbd7 6.d4 Bd6 7.Bd3 O-O 8.Bd2 Qe7 9.O-O
dxc4 10.Bxc4 e5 11.h3 exd4 12.exd4 Nb6 13.Bb3 Be6 14.Rfe1 Bxb3 15.Qxb3 Qc7
16.Rac1 a6 17.Ne4 Nxe4 18.Rxe4 Nd5 19.Ne5 Rae8 20.Rce1 f5 21.R4e2 Kh8 22.Ng6+
hxg6 23.Rxe8 Rxe8 24.Rxe8+ Kh7 25.Re1 f4 26.Qf3 Be7 27.Qe4 Bf6 28.Rc1 Qd6 29.a3
Kh6 30.g3 g5 31.h4 gxh4 32.gxf4 Qd7 33.f5+ Kh7 34.Qg4 Ne7 35.Qh5+ Kg8 36.Re1
Qxf5 37.Qe8+ Kh7 38.Rxe7 Qg4+ 39.Kf1 Bxe7 40.Qxe7 h3 41.Qg5 Qxd4 42.Qh5+ Kg8
43.Qe8+ Kh7 44.Qh5+ Kg8 45.Bc3 Qd3+ 46.Kg1 Qb1+ 47.Kh2 Qf1 48.Qf3 g6 49.Bd4 a5
50.Qxh3 Qxh3+ 51.Kxh3

[Event "2. Bundesliga Ost 2009/2010"]
[Site "17+18.10Zwettl14+15.11Poechlarn"]
[Date "2010.02.20"]
[Round "7"]
[Board "1"]
[White "Timoscenko, Gennadij"]
[Black "Loeffler, Stefan"]
[Result "0-1"]
[WhiteElo "2495"]
[BlackElo "2416"]
[PlyCount "86"]
[EventDate "2009.10.17"]
[EventType "team"]
[EventRounds "11"]
[EventCountry "AUT"]
[WhiteTeam "1. Wr. Neustaedter SV"]
[BlackTeam "SK Advisory Invest Baden"]

1.d4 d5 2.c4 c6 3.Nf3 Nf6 4.Nc3 dxc4 5.a4 Bf5 6.Ne5 e6 7.f3 c5 8.e4 Bg6 9.dxc5
Qxd1+ 10.Kxd1 Bxc5 11.Bxc4 a6 12.Ke2 Bd6 13.Nxg6 hxg6 14.h3 Nc6 15.Be3 Rc8
16.Rhd1 Be5 17.Rac1 Nh5 18.Ba2 Bf4 19.Nb1 Ke7 20.Bc5+ Kf6 21.Be3 Nb4 22.Rxc8
Rxc8 23.Bb3 Nc2 24.Bxc2 Rxc2+ 25.Rd2 Rc1 26.Bxf4 Nxf4+ 27.Ke3 Nxg2+ 28.Rxg2 Rxb1
29.Rd2 g5 30.Rc2 Rh1 31.Rc7 b5 32.axb5 axb5 33.e5+ Kg6 34.Rb7 Rxh3 35.Rxb5 g4
36.Kf4 g3 37.Ke3 Rh1 38.Rb4 Re1+ 39.Kd2 Rxe5 40.Rg4+ Rg5 41.Ke3 f5 42.Rxg5+ Kxg5
43.f4+ Kg4